000 00439 a2200157 4500
005 20250625081305.0
020 _a978-0-273-71379-1
082 _a6658.7BAI.
100 _aBAILY. P.
245 _aProcurement Principles And Management
250 _a10th Ed.
260 _aNew York,
_bPeason Printice Hall,
_c2008.
300 _axv.; 437p,; ill, figures
_bIndex,
_c24cm.
700 _aFARMER. D.[...CROCKER...JONES. D...]
942 _2ddc
_cBKS
999 _c4951
_d4951